| 000 | 00000nam 2200000zi 4500 |
| 001 | 9.937195 |
| 003 | CaOODSP |
| 005 | 20240612102826 |
| 006 | m o d f |
| 007 | cr |n||||||||| |
| 008 | 240419e202310##onc ob f|0| 0 fre d |
| 040 | |aCaOODSP|bfre|erda|cCaOODSP |
| 043 | |an-cn--- |
| 086 | 1 |aRv55-8/2-3-6-2023F-PDF |
| 245 | 00|aProgrammes de perception des taxes provinciales sur les importations non commerciales. |
| 264 | 1|aOttawa : |bAgence des services frontaliers du Canada, |coctobre 2023. |
| 300 | |a1 ressource en ligne (8 pages non numérotées). |
| 336 | |atexte|btxt|2rdacontent/fre |
| 337 | |ainformatique|bc|2rdamedia/fre |
| 338 | |aressource en ligne|bcr|2rdacarrier/fre |
| 490 | 1 |aMémorandum, |x2369-2405 ; |vD2-3-6 |
| 500 | |aPublié aussi en anglais sous le titre : Non-commercial provincial tax collection programs. |
| 500 | |a« Mémorandum(s) précédent(s), D2-3-6 daté le 16 février 2022. » |
| 504 | |aComprend des références bibliographiques (pages [7-8]). |
| 650 | 6|aTarif douanier|zCanada|zProvinces. |
| 650 | 6|aRelations fiscales fédérales-provinciales (Canada) |
| 710 | 2 |aAgence des services frontaliers du Canada, |eorganisme de publication. |
| 775 | 08|tNon-commercial provincial tax collection programs.|w(CaOODSP)9.937193 |
| 830 | #0|aMémorandum (Agence des services frontaliers du Canada)|vD2-3-6.|w(CaOODSP)9.816826 |
| 856 | 40|qPDF|s496 Ko|uhttps://publications.gc.ca/collections/collection_2024/asfc-cbsa/Rv55-8-2-3-6-2023-fra.pdf |
| 856 | 4 |qHTML|sS.O.|uhttps://www.cbsa-asfc.gc.ca/publications/dm-md/d2/d2-3-6-fra.html |